[Event "Muensterland Verbandsliga Gr1 2223"]
[Site "Germany"]
[Date "2023.02.11"]
[Round "5.5"]
[White "Fuhrmann, Andreas"]
[Black "Nuerenberg, Bernd"]
[Result "1/2-1/2"]
[WhiteElo "1640"]
[BlackElo "1706"]
[PlyCount "42"]
[EventDate "2022.09.10"]
[EventType "team-tourn"]
[EventRounds "5"]
[EventCountry "GER"]
[SourceTitle "EXT 2024"]
[Source "ChessBase"]
[SourceDate "2023.10.10"]
[SourceVersion "1"]
[SourceVersionDate "2023.10.10"]
[SourceQuality "1"]
[WhiteTeam "Emsdetten Rochade II"]
[BlackTeam "Nienberge II"]
[WhiteTeamCountry "GER"]
[BlackTeamCountry "GER"]

1. Nf3 c5 2. c4 Nf6 3. g3 g6 4. Bg2 Bg7 5. d4 cxd4 6. Nxd4 Nc6 7. 0-0 0-0 8. Nc3 Qb6 9. e3 d6 10. Qd2 a6 11. b3 Rb8 12. Bb2 Nxd4 13. exd4 Re8 14. Rfe1 Bd7 15. Rad1 e6 16. h3 Qc7 17. Rc1 Rbd8 18. Ne4 Nxe4 19. Bxe4 e5 20. Kh2 Be6 21. d5 Bc8 1/2-1/2

[Event "Steinfurt Bezirksklasse 1718"]
[Site "Germany"]
[Date "2018.04.14"]
[Round "7.6"]
[White "Muenninghoff, Ralf"]
[Black "Fuhrmann, Andreas"]
[Result "0-1"]
[WhiteElo "1041"]
[BlackElo "1668"]
[PlyCount "44"]
[EventDate "2017.10.07"]
[EventType "team-tourn"]
[EventRounds "7"]
[EventCountry "GER"]
[SourceTitle "EXT 2019"]
[Source "ChessBase"]
[SourceDate "2018.10.10"]
[SourceVersion "1"]
[SourceVersionDate "2018.10.10"]
[SourceQuality "1"]
[WhiteTeam "Rheine CC"]
[BlackTeam "Emsdetten Rochade VI"]
[WhiteTeamCountry "GER"]
[BlackTeamCountry "GER"]

1. c4 e6 2. Nc3 d5 3. e3 Nf6 4. g3 c5 5. d4 Nc6 6. Nf3 a6 7. cxd5 exd5 8. Bg2 Be7 9. 0-0 0-0 10. b3 Bg4 11. Re1 b5 12. Ne2 c4 13. bxc4 bxc4 14. Rb1 Bf5 15. Rb2 h6 16. Nc3 Bb4 17. Bd2 Ba3 18. Rb1 Bxb1 19. Qxb1 Rb8 20. Qc2 Bb4 21. Qa4 Bxc3 22. Bxc3 Qb6 0-1

[Event "IECC TH-S-0314"]
[Site "IECC email"]
[Date "2008.04.10"]
[Round "?"]
[White "Rattay, Walter"]
[Black "Fuhrmann, Andreas"]
[Result "1/2-1/2"]
[WhiteElo "1523"]
[BlackElo "1774"]
[PlyCount "34"]
[EventDate "2008.??.??"]
[EventType "match (corr)"]
[SourceTitle "Corr 2013"]
[Source "ChessBase"]
[SourceDate "2012.11.12"]
[SourceVersion "1"]
[SourceVersionDate "2012.11.12"]
[SourceQuality "1"]
[WhiteTeam "US of America"]
[BlackTeam "Italy"]
[WhiteTeamCountry "USA"]
[BlackTeamCountry "ITA"]

1. e4 e6 2. d4 d5 3. Nc3 Nf6 4. Bg5 Be7 5. e5 Nfd7 6. Bxe7 Qxe7 7. Qd2 0-0 8. f4 c5 9. Nf3 Nc6 10. dxc5 f6 11. exf6 Qxf6 12. g3 Nxc5 13. 0-0-0 Rd8 14. Bb5 Ne4 15. Qe3 Nxc3 16. Qxc3 Qxc3 17. bxc3 Ne7 1/2-1/2

[Event "IECC Swiss email"]
[Site "IECC email"]
[Date "2002.08.11"]
[Round "?"]
[White "Fuhrmann, Andreas"]
[Black "Parwicz, Witold"]
[Result "1/2-1/2"]
[WhiteElo "1773"]
[BlackElo "1617"]
[PlyCount "80"]
[EventDate "2002.??.??"]
[EventType "tourn (corr)"]
[EventRounds "6"]
[SourceTitle "Corr 2008"]
[Source "ChessBase"]
[SourceDate "2008.06.24"]
[SourceVersion "1"]
[SourceVersionDate "2008.06.24"]
[SourceQuality "1"]

1. Nf3 d5 2. c4 c6 3. b3 Nf6 4. g3 Bg4 5. Bg2 e6 6. 0-0 Nbd7 7. Bb2 Bd6 8. d3 0-0 9. Nbd2 Qe7 10. a3 a5 11. Qc2 e5 12. h3 Bh5 13. e4 dxe4 14. dxe4 Bxf3 15. Nxf3 Rfd8 16. Rfe1 Ne8 17. h4 Nc7 18. Bh3 Ne6 19. Kg2 b6 20. Red1 f6 21. c5 bxc5 22. Qc4 Ndf8 23. Rac1 Qf7 24. Rd3 Nd4 25. Nxd4 Qxc4 26. Rxc4 exd4 27. f4 Re8 28. Kf3 Ra7 29. Ra4 Rb7 30. Bf1 Reb8 31. Kf2 Kh8 32. Rxa5 Rxb3 33. Rxb3 Rxb3 34. Bc1 Rc3 35. Bd2 Rc2 36. Ke1 c4 37. Kd1 d3 38. e5 Be7 39. Ra7 Bc5 40. Ra5 Be7 1/2-1/2

[Event "IECC TH-T email"]
[Site "IECC email"]
[Date "2001.10.06"]
[Round "?"]
[White "Fuhrmann, Andreas"]
[Black "Carrillo Muniz, Jose"]
[Result "1-0"]
[WhiteElo "1687"]
[BlackElo "1616"]
[PlyCount "61"]
[EventDate "2001.??.??"]
[EventType "match (corr)"]
[EventRounds "2"]
[SourceTitle "Corr 2008"]
[Source "ChessBase"]
[SourceDate "2008.06.24"]
[SourceVersion "1"]
[SourceVersionDate "2008.06.24"]
[SourceQuality "1"]

1. Nf3 d5 2. c4 d4 3. g3 c5 4. b4 b6 5. Bg2 Bb7 6. bxc5 bxc5 7. d3 Nf6 8. 0-0 e6 9. Nbd2 Bd6 10. Rb1 Qc7 11. Rxb7 Qxb7 12. Nxd4 Qb6 13. Nb5 Nd5 14. Nxd6+ Qxd6 15. cxd5 exd5 16. Qb3 Nc6 17. Qxd5 Qxd5 18. Bxd5 Rc8 19. Bb2 0-0 20. Rc1 Nb4 21. Bb3 Rfe8 22. Ne4 Re7 23. Kf1 Na6 24. Nd6 Rc6 25. Nf5 Rb7 26. Bd5 Rxb2 27. Ne7+ Kf8 28. Nxc6 Nb4 29. Nxb4 Rxb4 30. Rxc5 Rb8 31. Rc7 1-0

[Event "IECC TH-T email"]
[Site "IECC email"]
[Date "2001.06.14"]
[Round "?"]
[White "Endean, Andrew"]
[Black "Fuhrmann, Andreas"]
[Result "1/2-1/2"]
[WhiteElo "1973"]
[BlackElo "1581"]
[PlyCount "51"]
[EventDate "2001.??.??"]
[EventType "match (corr)"]
[EventRounds "2"]
[SourceTitle "Corr 2008"]
[Source "ChessBase"]
[SourceDate "2008.06.24"]
[SourceVersion "1"]
[SourceVersionDate "2008.06.24"]
[SourceQuality "1"]

1. c4 e5 2. Nc3 Nf6 3. Nf3 Nc6 4. g3 d5 5. cxd5 Nxd5 6. Bg2 Nb6 7. 0-0 Be7 8. a3 0-0 9. b4 Be6 10. d3 Nd4 11. Bb2 Bb3 12. Qc1 Nxf3+ 13. Bxf3 c6 14. Ne4 f6 15. Qc3 Bd5 16. a4 Qe8 17. a5 Nd7 18. Nd2 Qf7 19. Rfc1 Bxf3 20. Nxf3 Nb8 21. Qc4 Qxc4 22. Rxc4 Na6 23. Bc3 Nc7 24. Rc1 Rad8 25. h4 Rd5 26. Be1 1/2-1/2

[Event "IECC TH-T email"]
[Site "IECC email"]
[Date "2001.06.14"]
[Round "?"]
[White "Fuhrmann, Andreas"]
[Black "Endean, Andrew"]
[Result "1/2-1/2"]
[WhiteElo "1594"]
[BlackElo "1960"]
[PlyCount "56"]
[EventDate "2001.??.??"]
[EventType "match (corr)"]
[EventRounds "2"]
[SourceTitle "Corr 2008"]
[Source "ChessBase"]
[SourceDate "2008.06.24"]
[SourceVersion "1"]
[SourceVersionDate "2008.06.24"]
[SourceQuality "1"]

1. c4 e5 2. Nc3 Nf6 3. Nf3 Nc6 4. e3 Bb4 5. Qc2 0-0 6. Nd5 Re8 7. Qf5 d6 8. Nxf6+ Qxf6 9. Qxf6 gxf6 10. a3 Bc5 11. b4 Bb6 12. Bb2 a5 13. b5 Ne7 14. Be2 a4 15. 0-0 c6 16. bxc6 bxc6 17. Bc3 Bf5 18. d3 Reb8 19. Nd2 d5 20. d4 Ba5 21. Bxa5 Rxa5 22. Ra2 Ra7 23. cxd5 cxd5 24. Rc1 Rab7 25. g4 Be6 26. Rac2 Ng6 27. Bd1 exd4 28. exd4 f5 1/2-1/2

[Event "IECC TH-T email"]
[Site "IECC email"]
[Date "2001.05.18"]
[Round "?"]
[White "Fuhrmann, Andreas"]
[Black "Corbat, Philippe"]
[Result "0-1"]
[WhiteElo "1563"]
[BlackElo "2092"]
[PlyCount "68"]
[EventDate "2001.??.??"]
[EventType "match (corr)"]
[EventRounds "2"]
[SourceTitle "Corr 2008"]
[Source "ChessBase"]
[SourceDate "2008.06.24"]
[SourceVersion "1"]
[SourceVersionDate "2008.06.24"]
[SourceQuality "1"]

1. e4 e5 2. Nf3 Nc6 3. Bc4 Nf6 4. Ng5 Bc5 5. Bxf7+ Ke7 6. Bd5 Rf8 7. 0-0 d6 8. c3 Bg4 9. Qe1 h6 10. d4 Bb6 11. h3 hxg5 12. hxg4 Qd7 13. Na3 Qxg4 14. f3 Qh5 15. Nc4 Rh8 16. Nxb6 axb6 17. Qg3 exd4 18. Bxc6 bxc6 19. Qxg5 dxc3 20. Qxg7+ Ke6 21. Bg5 Raf8 22. Bxf6 Rxf6 23. Qg4+ Qxg4 24. fxg4 cxb2 25. Rxf6+ Kxf6 26. Rb1 Rh4 27. Rxb2 Rxg4 28. Rb4 Ke5 29. Ra4 b5 30. Ra7 Rg7 31. a4 Kxe4 32. axb5 cxb5 33. Rb7 Rf7 34. Rxb5 c5 0-1

[Event "IECC TH-T email"]
[Site "IECC email"]
[Date "2000.03.13"]
[Round "?"]
[White "Fuhrmann, Andreas"]
[Black "Bucur, Sorin"]
[Result "0-1"]
[WhiteElo "1568"]
[BlackElo "1463"]
[PlyCount "66"]
[EventDate "2000.??.??"]
[EventType "match (corr)"]
[EventRounds "2"]
[SourceTitle "Corr 2008"]
[Source "ChessBase"]
[SourceDate "2008.06.24"]
[SourceVersion "1"]
[SourceVersionDate "2008.06.24"]
[SourceQuality "1"]

1. d4 Nf6 2. c4 c5 3. d5 b5 4. cxb5 e6 5. Nc3 exd5 6. Nxd5 Bb7 7. e4 Nxe4 8. Bc4 Nd6 9. Qe2+ Be7 10. Bg5 f6 11. Bf4 Nxc4 12. Qxc4 g5 13. Bg3 Qa5+ 14. Kf1 Bxd5 15. Qxd5 Qxb5+ 16. Ne2 Nc6 17. Rd1 0-0-0 18. b3 Rhe8 19. Qf3 f5 20. Qxf5 Bf6 21. Qd3 Qxd3 22. Rxd3 d5 23. Rf3 Re6 24. Re3 Ne5 25. f4 gxf4 26. Nxf4 Ra6 27. a4 Rb6 28. Nh5 Ng4 29. Rf3 Bd4 30. Rf7 Re8 31. Ng7 Ne3+ 32. Ke2 Bxg7 33. Rxg7 Nf5+ 0-1

[Event "IECC Swiss email"]
[Site "IECC email"]
[Date "1999.11.16"]
[Round "?"]
[White "Pinkerton, Nick J"]
[Black "Fuhrmann, Andreas"]
[Result "1/2-1/2"]
[WhiteElo "1900"]
[BlackElo "1545"]
[PlyCount "54"]
[EventDate "1999.??.??"]
[EventType "tourn (corr)"]
[EventRounds "6"]
[SourceTitle "Corr 2008"]
[Source "ChessBase"]
[SourceDate "2008.06.24"]
[SourceVersion "1"]
[SourceVersionDate "2008.06.24"]
[SourceQuality "1"]

1. e4 e5 2. Nf3 Nf6 3. Nxe5 d6 4. Nf3 Nxe4 5. Nc3 Nxc3 6. dxc3 Be7 7. Be3 Nd7 8. Qd2 Ne5 9. Nd4 c5 10. Nb3 0-0 11. Be2 Be6 12. Rd1 a5 13. Bf4 Qb6 14. a4 Bxb3 15. cxb3 Qxb3 16. Bb5 Qe6 17. 0-0 Rfd8 18. Rfe1 Qg4 19. Be2 Qe6 20. Bd3 Bf6 21. Be4 Qb3 22. Bc2 Qb6 23. b3 Re8 24. c4 Rad8 25. Re3 Nc6 26. Rxe8+ Rxe8 27. Qxd6 Rd8 1/2-1/2

[Event "IECC Swiss email"]
[Site "IECC email"]
[Date "1999.08.20"]
[Round "?"]
[White "Lausten, Sven"]
[Black "Fuhrmann, Andreas"]
[Result "1/2-1/2"]
[WhiteElo "1917"]
[BlackElo "1571"]
[PlyCount "51"]
[EventDate "1999.??.??"]
[EventType "tourn (corr)"]
[EventRounds "6"]
[SourceTitle "Corr 2008"]
[Source "ChessBase"]
[SourceDate "2008.06.24"]
[SourceVersion "1"]
[SourceVersionDate "2008.06.24"]
[SourceQuality "1"]

1. e4 e5 2. Nf3 Nf6 3. Nxe5 d6 4. Nf3 Nxe4 5. d4 d5 6. Bd3 Bd6 7. 0-0 0-0 8. Re1 Bf5 9. c4 c6 10. Nc3 Nxc3 11. bxc3 Bxd3 12. Qxd3 dxc4 13. Qxc4 Nd7 14. Bg5 Qc7 15. Be7 Nb6 16. Qe2 Qxe7 17. Qxe7 Bxe7 18. Rxe7 Nd5 19. Rxb7 Nxc3 20. Kf1 Rfb8 21. Rb3 Rxb3 22. axb3 Nb5 23. Rc1 Rc8 24. Ke2 Rc7 25. Kd3 f6 26. Rc5 1/2-1/2

[Event "IECC TH-M email"]
[Site "IECC email"]
[Date "1999.06.17"]
[Round "?"]
[White "Jewell, Barry"]
[Black "Fuhrmann, Andreas"]
[Result "0-1"]
[WhiteElo "1486"]
[BlackElo "1563"]
[PlyCount "72"]
[EventDate "1999.??.??"]
[EventType "match (corr)"]
[EventRounds "2"]
[SourceTitle "Corr 2008"]
[Source "ChessBase"]
[SourceDate "2008.06.24"]
[SourceVersion "1"]
[SourceVersionDate "2008.06.24"]
[SourceQuality "1"]

1. d4 Nf6 2. c4 c5 3. d5 b5 4. cxb5 a6 5. bxa6 Bxa6 6. Nc3 d6 7. Nf3 g6 8. Nd2 Bg7 9. e4 0-0 10. Bxa6 Nxa6 11. 0-0 Nd7 12. Nc4 Nb6 13. Ne3 Qc7 14. a4 Rfb8 15. Qe2 Qc8 16. Bd2 Nc7 17. a5 Nd7 18. Na4 Nb5 19. Nc4 Nd4 20. Qd1 Qa6 21. Nab6 Nxb6 22. Nxb6 Ra7 23. Re1 Qb5 24. Re3 Bh6 25. Rh3 Bxd2 26. Qxd2 Rxb6 27. Qh6 Ne2+ 28. Kh1 Qxb2 29. Qxh7+ Kf8 30. Rf1 Rxa5 31. f4 Qg7 32. f5 Qxh7 33. Rxh7 gxf5 34. exf5 Rab5 35. f6 exf6 36. g4 Rb1 0-1

[Event "IECC TH-M email"]
[Site "IECC email"]
[Date "1999.04.30"]
[Round "?"]
[White "Fuhrmann, Andreas"]
[Black "Delaire, Eric"]
[Result "0-1"]
[WhiteElo "1579"]
[BlackElo "1797"]
[PlyCount "86"]
[EventDate "1999.??.??"]
[EventType "match (corr)"]
[EventRounds "2"]
[SourceTitle "Corr 2008"]
[Source "ChessBase"]
[SourceDate "2008.06.24"]
[SourceVersion "1"]
[SourceVersionDate "2008.06.24"]
[SourceQuality "1"]

1. e4 e5 2. f4 Qh4+ 3. g3 Qe7 4. Nc3 d6 5. Nd5 Qd8 6. fxe5 dxe5 7. Qh5 Nd7 8. Bc4 g6 9. Qf3 c6 10. Nc3 Ngf6 11. d3 Bg7 12. Bg5 0-0 13. Nge2 b5 14. Bb3 a5 15. a3 Nc5 16. 0-0 Nxb3 17. cxb3 Bg4 18. Qf2 Bxe2 19. Bxf6 Bxf6 20. Nxe2 Bg7 21. Rfd1 Qd6 22. Rac1 Rac8 23. Kg2 f5 24. exf5 Qd5+ 25. Qf3 Qxb3 26. Rd2 Rxf5 27. Qe4 Bh6 28. Rc3 Qa2 29. Rdc2 Qb1 30. Nf4 Rc7 31. Rxc6 Rxc6 32. Qxc6 exf4 33. Qe6+ Kh8 34. Rc8+ Bf8 35. Rxf8+ Rxf8 36. Qe5+ Kg8 37. Qe6+ Rf7 38. Qe8+ Kg7 39. Qe5+ Kh6 40. g4 f3+ 41. Kg3 Qg1+ 42. Kh4 Rf5 43. gxf5 g5+ 0-1